South Eastern Kenya University

Library Online Public Access Catalogue


Assisted suicide : (Record no. 5233)

MARC details
000 -LEADER
fixed length control field 00390cam a2200121 i 4500
020 ## - ISBN
International Standard Book Number 9781137286291 (hardback)
050 00 - LIBRARY OF CONGRESS CALL NUMBER
Classification Number R726
Item Number .Y85 2013
100 1# - MAIN ENTRY--Author
Personal name Yuill, Kevin L.,
Dates associated with a name 1962-
245 10 - TITLE
Title Assisted suicide :
Remainder of title the liberal, humanist case against legalization /
Statement of responsibility, etc Kevin Yuill, University of Sunderland, UK.
300 ## - PHYSICAL DESCRIPTION
Extent xx, 188 pages :
650 #0 - SUBJECT--TOPIC
General subdivision Law and legislation.
942 ## - ADDED ENTRY ELEMENTS(KOHA)
Source of classification or shelving scheme Library of Congress Classification
Koha item type General circulation
Holdings
Source of classification or shelving scheme Not for loan Location (home branch) Sublocation (holding branch) Shelving location Date accessioned Cost, normal purchase price Full call number Barcode Cost, replacement price Nonpublic note Koha item type
Library of Congress Classification   Main Campus Library Main Campus Library   06/07/2015 8550.00 R 726 .Y85 2013 2015/001171 9050.00 jm General circulation
Kitui, Kenya.
+254736116989
library@seku.ac.ke